000 00524nam a2200193 a 4500
001 1767414371043
003 YourLibrary
005 20260103103038.0
008 260103s1995##################000#0#eng##
020 _a9780300140224
082 0 4 _a296.155
_bSCH
100 1 _aSchiffman, Lawrence H.,
_eauthor.
245 1 0 _aReclaiming the Dead Sea Scrolls :
260 _bAnchor Bible Reference Library,
_c1995.
300 _a529 pages
650 0 _aReligion.
942 _cENGLISH
040 _aYourLibrary
_beng
_cYourLibrary
999 _c606887
_d606887